Researching digital media and society (Record no. 1464840)

MARC details
000 -LEADER
fixed length control field 00862 a2200265 4500
005 - DATE AND TIME OF LATEST TRANSACTION
control field 20251118125042.0
008 - FIXED-LENGTH DATA ELEMENTS--GENERAL INFORMATION
fixed length control field 251118b |||||||| |||| 00| 0 eng d
020 ## - INTERNATIONAL STANDARD BOOK NUMBER
International Standard Book Number 9781529605167 (pbk)
037 ## - SOURCE OF ACQUISITION
Terms of availability TB
040 ## - CATALOGING SOURCE
Original cataloging agency pbk
Transcribing agency pbk
041 ## - LANGUAGE CODE
Source of code eng
Language code of text/sound track or separate title eng
084 ## - COLON CLASSIFICATION NUMBER
Classification number 4:(D65,8(B)):f R4
Assigning agency AL
100 ## - MAIN ENTRY--PERSONAL NAME
Personal name Lindgren, Simon
9 (RLIN) 848723
245 ## - TITLE STATEMENT
Title Researching digital media and society
260 ## - PUBLICATION, DISTRIBUTION, ETC.
Place of publication, distribution, etc. London, UK:
Name of publisher, distributor, etc. SAGE,
Date of publication, distribution, etc. 2024.
300 ## - PHYSICAL DESCRIPTION
Extent 249p.
365 ## - TRADE PRICE
Price amount 34.99
Currency code UKP
650 ## - SUBJECT ADDED ENTRY--TOPICAL TERM
Topical term or geographic name entry element Media
9 (RLIN) 852016
650 ## - SUBJECT ADDED ENTRY--TOPICAL TERM
Topical term or geographic name entry element Digital
9 (RLIN) 852017
650 ## - SUBJECT ADDED ENTRY--TOPICAL TERM
Topical term or geographic name entry element Research
9 (RLIN) 852018
650 ## - SUBJECT ADDED ENTRY--TOPICAL TERM
Topical term or geographic name entry element Computer Science
9 (RLIN) 852019
700 ## - ADDED ENTRY--PERSONAL NAME
Personal name Krutrok, Moa Eriksson
Relator term author.
9 (RLIN) 852020
942 ## - ADDED ENTRY ELEMENTS (KOHA)
Koha item type Textbook
Source of classification or shelving scheme Colon Classification (CC)
Suppress in OPAC No
Classification part 4:(D65,8(B)):f R4
Holdings
Withdrawn status Lost status Source of classification or shelving scheme Damaged status Not for loan Home library Current library Date acquired Source of acquisition Cost, normal purchase price Inventory number Total Checkouts Full call number Barcode Date last seen Cost, replacement price Price effective from Koha item type
    Colon Classification (CC)     Central Library Central Library 2025-11-10 64/ Shivam Book Service 3266.38 SBS/58 & 2025-11-03   4:(D65,8(B)):f R4 AL1804895 2025-11-10 4082.98 2025-11-10 Textbook
Copyright @ Delhi University Library System